Exploraciones en clase; los discursos de la "no ficción" /

Guardado en:
Autor Principal: Graves, Donald H.
Formato: Libro
Publicado: Buenos Aires : Aique, 1992
Materias:
Etiquetas: Agregar Etiqueta
Sin Etiquetas, Sea el primero en etiquetar este registro!
LEADER 00592nam a22001935a 4500
001 CEM.cems010847
005 20080314093536.0
008 130507s1992##################000#0#####d
003 CEMS
082 0 4 |a SG372.6 
100 1 |a Graves, Donald H. 
245 1 0 |a Exploraciones en clase; los discursos de la "no ficción" /  |c Donald H. Graves 
260 |a Buenos Aires :  |b Aique,  |c 1992 
300 |a 108 p. 
653 |a Biblioteca maría de los angeles saggio 
653 |a Discurso oral 
653 |a Educación 
653 |a No ficción 
859 |a CEMS  |b BIB. CEMS - 11 de abril  |h SG372.6  |i G783-1  |p 21565.01  |t Ej.1